| 000 | 01037nam a22003017a 4500 | ||
|---|---|---|---|
| 999 |
_c139 _d139 |
||
| 001 | 003135 | ||
| 003 | CoMeUDC003135 | ||
| 005 | 20181029203401.0 | ||
| 008 | 120516s2008 ck a gr 000 0 spa d | ||
| 015 | _ack-2008-xxxx | ||
| 020 | _a9789588256849 | ||
| 040 |
_aCO-BoBLA _bspa _cCoMeUDC |
||
| 041 | 0 | _aspa | |
| 082 | 0 | 4 |
_a300.1 _bG526g _221 |
| 245 | 0 | 0 |
_aEl giro hermenéutico de la ciencias sociales y humanas : _bdiálogo con la sociología / _cOscar Almario García y Miguel Angel Ruiz García, editores. |
| 260 |
_aMedellín : _bUniversidad Nacional de Colombia, _c2008. |
||
| 300 |
_a256 p. : _bil. ; _c23 cm. |
||
| 504 | _aIncluye bibliografías. | ||
| 650 | 0 |
_aFilosofía de las ciencias sociales. _991 |
|
| 650 | 0 |
_aSociología _987 |
|
| 650 | 0 |
_aHermenéutica. _992 |
|
| 650 | _aMulticulturalismo. | ||
| 650 | 0 |
_aTeoría del conocimiento. _993 |
|
| 700 |
_aAlmario García, Óscar, _d1953-, _eed. _994 |
||
| 700 |
_aRuiz García, Miguel Angel, _d1965-, _eed. _995 |
||
| 942 |
_2ddc _cBK |
||
| 949 |
_an _bn |
||